Central Library OPAC University of Rajshahi

Mr. Tompkins explores the atom / (Record no. 67359)

MARC details
000 -LEADER
fixed length control field 00615nam a2200217 a 4500
001 - CONTROL NUMBER
control field 67359
003 - CONTROL NUMBER IDENTIFIER
rucl marc code BD-RjUL
005 - DATE AND TIME OF LATEST TRANSACTION
control field 20211209081636.0
008 - FIXED-LENGTH DATA ELEMENTS--GENERAL INFORMATION
fixed length control field 170323r1964 nyua 000 0 eng d
035 ## - SYSTEM CONTROL NUMBER
System control number (BD-RjUL)67490
040 ## - CATALOGING SOURCE
Original cataloging agency DLC
Transcribing agency DLC
Modifying agency BD-RjUL
Language of cataloging eng
041 ## - LANGUAGE CODE
Language code of text/sound track or separate title eng
082 00 - DEWEY DECIMAL CLASSIFICATION NUMBER
Classification number 541.2
Edition number 23
Author mark and year GAM 1964
100 1# - MAIN ENTRY--PERSONAL NAME
Personal name Gamow, G.
9 (RLIN) 199572
245 10 - TITLE STATEMENT
Title Mr. Tompkins explores the atom /
Statement of responsibility, etc. by G. Gamow
260 ## - PUBLICATION, DISTRIBUTION, ETC. (IMPRINT)
Place of publication, distribution, etc. New York :
Name of publisher, distributor, etc. The University press,
Date of publication, distribution, etc. 1944 [Reprinted 1964].
300 ## - PHYSICAL DESCRIPTION
Pagination x, 97 p. :
Illustrations ill. ;
Size 22 cm.
650 #0 - SUBJECT ADDED ENTRY--TOPICAL TERM
Topical term or geographic name as entry element Theoretical Chemistry
9 (RLIN) 199573
Topical term or geographic name as entry element Atoms.
9 (RLIN) 191980
942 ## - ADDED ENTRY ELEMENTS (KOHA)
Source of classification or shelving scheme Dewey Decimal Classification
Koha item type Books
Holdings
Lost status Source of classification or shelving scheme Damaged status Not for loan Collection code Permanent Location Current Location Shelving location Date acquired Source of acquisition Cost, normal purchase price Total Checkouts Full call number Date last seen Copy number Koha item type
  Dewey Decimal Classification   Not For Loan Non-fiction Central Library, University of Rajshahi Central Library, University of Rajshahi Reading Room 09/12/2021 zeithinger 25.00   541.2 GAM 1964 23/03/2017 C-1 Books
  Dewey Decimal Classification     Non-fiction Central Library, University of Rajshahi Central Library, University of Rajshahi   30/01/1962 B.H.Black Well 1.11   541.2 GAM 1964 29/03/2017 C-2 Books